000
00215nam a2200097Ia 4500
008
240331s9999 xx 000 0 und d
082
_b
MEN
100
_a
Mendis, R
245
0
_a
My son Lia and other stories
942
_c
L
999
_c
3353
_d
3353